| 000 | 00843cam a2200169 4500 | ||
|---|---|---|---|
| 082 | 0 | 0 |
_a627.52 _bLEL _cL-22, P-11 |
| 100 | 1 |
_aLeliavsky, Serge, _943945 |
|
| 245 | 1 | 0 | _aDesign textbooks in civil engineering. |
| 260 |
_aLondon, _bChapman and Hall _c[1965-<1982 > |
||
| 300 |
_av. <1-4, 7-8 > _billus. (part fold.) _c26 cm. |
||
| 500 | _aBased on Leliavsky's Irrigation and hydraulic design, 1955-60. | ||
| 505 | 1 | _av. 1. Irrigation engineering: canals and barrages.--v. 2. Irrigation engineering: syphons, weirs and locks.--v. 3. Design of dams for percolation and erosion.--v. 4. River and canal hydraulics. --v. 7. Arches and short span bridges.--v. 8. Hydroelectric engineering for civil engineering. | |
| 526 |
_a0 _b0 _c0 _d627_520000000000000_LEL |
||
| 650 | 0 |
_aHydraulic engineering. _93526 |
|
| 650 | 0 |
_aMCE _9379 |
|
| 942 |
_2ddc _cBK |
||
| 999 |
_c547864 _d547864 |
||